000 00435nam a2200133Ia 4500
008 151001s9999||||xx |||||||||||||| ||und||
100 _aकमल किशोर गोयनका
245 _aप्रेमचंद कहानी रचनावली खंड चार
250 _a1
260 _bसाहित्य अकादमी नई दिल्ली
260 _c2010
300 _a524
365 _b21
999 _c1000574
_d1000571